000 00379nam a2200145Ia 4500
008 220217s9999||||xx |||||||||||||| ||und||
020 _a81-309-0805-0
082 _a403
100 _aHendrickson, Robert
_95838
245 0 _aEncyclopedia of world and pharse orgins
250 _a3rd
260 _aViva Books
_bNew Delhi
_c2008
300 _b695
650 _aGENERAL BOOKS
999 _c177005
_d177005